| 000 | 00584npc a2200205Ia 4500 | ||
|---|---|---|---|
| 001 | dg102-43781 | ||
| 003 | IT-MiCISF | ||
| 008 | 161014s9999||||xx | und|| | ||
| 040 |
_aIT-MiCISF _cIT-MiCISF |
||
| 041 | _ait | ||
| 100 | _aColombo Roberto | ||
| 245 | 0 | _aIl perdono della diversità : come accogliere i genitori anziani | |
| 250 | _a1a ed. | ||
| 260 |
_bAss. famiglie per l'accoglienza _c2004 |
||
| 300 | _app. 1-12 | ||
| 500 | _a / problemi-anziano, non-autosufficienza, cure-a-domicilio / | ||
| 650 | _aterza-età | ||
| 942 | _cDD | ||
| 957 | _71 | ||
| 999 |
_a43781 _bsi _g1 _c207997 _d207997 |
||